Szczegóły MARC21

Foreign aid in South Asia : the emerging scenario /

003 -Nazwa inst., której nr kontr. jest w polu 001 [,]
    • @
    • Nazwa instytucji, której n kontrolny jest w polu 001
    • NUKAT
005 -DATA I CZAS OSTATNIEJ MODYFIKACJI [,]
    • @
    • pole kontrolne
    • 20241231104212.0
020 -Międzynarod. znormalizowany nr książki - ISBN [ , ]
    • a
    • Numer ISBN
    • 9788132108740 Find
    • q
    • Dopowiedzenie
    • HB
040 -Instytucja sporządzająca opis [ , ]
    • a
    • Instytucja, która sporządziła opis (NP)
    • SZCZ U/AP
    • c
    • Instytucja, która sporządziła rekord (NP)
    • SZCZ U/AP
    • d
    • Instytucja, która zmodyfikowała rekord (P)
    • SZCZ U/KP
942 -Rodzaj dokumentu [ , ]
    • c
    • Rodzaj dokumentu
    • Książka
245 -Strefa tytułu i oznaczenia odpowiedzialności [0,0]
    • a
    • Tytuł
    • Foreign aid in South Asia : Find
    • b
    • Ciąg dalszy tytułu (NP)
    • the emerging scenario / Find
    • c
    • Pozostałe elementy strefy tytułu i oznaczenia odpowiedzialności (NP)
    • ed. by Saman Kelegama.
260 -Strefa adresu wydawniczego [ , ]
    • a
    • Miejsce wydania (P)
    • Los Angeles [etc.] :
    • b
    • Nazwa wydawcy (P)
    • SAGE,
    • c
    • Data wydania (P)
    • 2012.
300 -Strefa opisu fizycznego [ , ]
    • a
    • Określenie formy książki i/lub objętość (NP)
    • XX, 317 s. :
    • b
    • Oznaczenie ilustracji (NP)
    • il. ;
    • c
    • Format (NP)
    • 23 cm.
336 -Typ zawartości [ , ]
    • a
    • Termin opisujący typ zawartości
    • Tekst
    • b
    • Kod określający zawartość
    • txt
    • 2
    • Źródło (terminu i kodu)
    • rdacontent
337 -Typ mediów [ , ]
    • a
    • Tryb odtwarzania
    • Bez urządzenia pośredniczącego
    • b
    • Kod typu mediów
    • n
    • 2
    • Źródło (terminu i kodu)
    • rdamedia
338 -Typ/rodzaj nośnika [ , ]
    • a
    • Hasło opisujące typ nośnika
    • Wolumin
    • b
    • Kod typu nośnika
    • nc
    • 2
    • Źródło (terminu i kodu)
    • rdacarrier
504 -Uwaga dot. bibliogr. załącznikowej [ , ]
    • a
    • Uwaga dot. bibliografii załącznikowej
    • Bibliogr. przy rozdz. Indeks.
080 -Uniwersalna Klasyfikacja Dziesiętna [ , ]
    • 2
    • Identyfikator wydania tablic
    • UDC-P058
    • 9
    • UKD
    • 3342
    • a
    • Symbol klasyfikacji
    • 339.96
    • b
    • Dopowiedzenie
    • Pomoc dla krajów rozwijających się.
    • 4
    • UKD2
    • 11117
    • x
    • Poddział wspólny
    • (5)
    • c
    • Dopowiedzenie poddz. wspólnego
    • (Azja).
    • 4
    • UKD2
    • 7644
    • x
    • Poddział wspólny
    • =111
    • c
    • Dopowiedzenie poddz. wspólnego
    • =Język angielski.
080 -Uniwersalna Klasyfikacja Dziesiętna [ , ]
    • 2
    • Identyfikator wydania tablic
    • UDC-P058
    • 9
    • UKD
    • 3390
    • a
    • Symbol klasyfikacji
    • 341.232
    • b
    • Dopowiedzenie
    • Pomoc, poparcie i współdziałanie międzypaństwowe. Pomoc wojskowa, gospodarcza, techniczna. Współpraca naukowa i kulturalna
    • 4
    • UKD2
    • 11117
    • x
    • Poddział wspólny
    • (5)
    • c
    • Dopowiedzenie poddz. wspólnego
    • (Azja).
    • 4
    • UKD2
    • 7644
    • x
    • Poddział wspólny
    • =111
    • c
    • Dopowiedzenie poddz. wspólnego
    • =Język angielski.
980 -Symbol UKD [ , ]
    • a
    • UKD
    • 339.96:342.232](5)=111
700 -Hasło dodatkowe - nazwa osobowa [1, ]
    • a
    • Nazwa osobowa (NP)
    • Kelegama, Saman. Find
    • e
    • Określenie rodzaju współpracy
    • Red.
    • 9
    • KHW
    • 73786
710 -Hasło dodatkowe - nazwa ciała zbiorowego [2, ]
    • a
    • Nazwa ciała zbiorowego lub nazwa geograficzna jako pierwszy element (NP)
    • SAGE Publishing.
    • 4
    • Kod relacji
    • pbl
    • 9
    • KHW
    • 55261
920 -ISBN [ , ]
    • a
    • ISBN
    • 978-81-321-0874-0 Find
    • q
    • Dopowiedzenie
    • HB
Status udost. Numer inwentarzowy Sygnatura Obwoluta Data inwentaryzacji Lokalizacja
-2T.17619T.1761912014-06-26T